1 Simpósio brasileiro de aquicultura

Saved in:
Bibliografiske detaljer
Institution som forfatter: Universidade Federal de Pernambuco (Author)
Format: Bog
Sprog:portugisisk
Udgivet: Río de Janeiro Academia Brasileira de Ciencias 1980
Fag:
Tags: Tilføj Tag
Ingen Tags, Vær først til at tagge denne postø!

MARC

LEADER 00000nam a2200000 a 4500
001 UCY7777
003 CL-VaPUC
008 950622e19800000BL |||||||||||||||||por|d
082 0 4 |a 639.3  |b UNI  |2 21 
110 2 |a Universidade Federal de Pernambuco  |e author  |9 338550 
245 1 0 |a 1 Simpósio brasileiro de aquicultura 
300 |a 412 p 
942 |c BK 
945 |d 19950622 00:00:00  |a awong 
260 |a Río de Janeiro  |b Academia Brasileira de Ciencias  |c 1980 
650 0 |a Acuicultura  |9 258883 
650 7 |a ORGANISMOS CULTIVADOS  |2 CL-VaPUC  |9 338551 
650 0 |a Datos estadísticos  |9 329380 
650 0 |a Algas (algae)  |9 261246 
650 7 |a PECES  |2 CL-VaPUC  |9 338552 
650 7 |a OSTRAS  |2 CL-VaPUC  |9 261545 
651 0 |a Brasil  |9 267393 
583 |a last modification  |c 19950622 00:00:00  |k Rodrigo Vera 
999 |c 235092  |d 235090 
952 |0 0  |1 0  |2 ddc  |4 0  |6 639_300000000000000_UNI_1980  |7 0  |8 A  |9 242249  |a BIBCUR  |b BIBCUR  |d 2019-11-18  |i 3093603  |o 639.3 UNI 1980  |p 3093603  |r 2025-04-22  |w 2019-11-18  |y BK  |k CIM